Catálogo público

Dinámica de grupos en educación (Record no. 220300)

MARC details
000 -CABECERA
campo de control de longitud fija 02076nam a2200349 a 4500
003 - IDENTIFICADOR DEL NÚMERO DE CONTROL
campo de control CHAP
005 - FECHA Y HORA DE LA ÚLTIMA TRANSACCIÓN
campo de control 20250225121326.0
008 - DATOS DE LONGITUD FIJA--INFORMACIÓN GENERAL
campo de control de longitud fija 241204s 2017mx a r 00010 spa d
020 ## - NÚMERO INTERNACIONAL ESTÁNDAR DEL LIBRO
Número Internacional Estándar del Libro 978-968-24-7865-9
040 ## - FUENTE DE LA CATALOGACIÓN
Centro/agencia transcriptor CHAP
Centro catalogador/agencia de origen PA
041 ## - CÓDIGO DE LENGUA
Código de lengua del texto/banda sonora o título independiente spa
Código de lengua del sumario o resumen spa
Código de lengua de la tabla de contenido spa
Código de lengua original spa
082 ## - NÚMERO DE LA CLASIFICACIÓN DECIMAL DEWEY
Número de edición 4
Número de clasificación PA 371.395
Número de documento/Ítem A53
100 00 - ENTRADA PRINCIPAL--NOMBRE DE PERSONA
Nombre de persona Andueza, María.
9 (RLIN) 5736
245 ## - MENCIÓN DE TÍTULO
Título Dinámica de grupos en educación
250 ## - MENCIÓN DE EDICIÓN
Mención de edición 4a ed.
264 ## - PRODUCCIÓN, PUBLICACIÓN, DISTRIBUCIÓN, FABRICACIÓN Y COPYRIGHT
Producción, publicación, distribución, fabricación y copyright México :
Nombre del de productor, editor, distribuidor, fabricante Trillas
Fecha de producción, publicación, distribución, fabricación o copyright 2007
300 ## - DESCRIPCIÓN FÍSICA
Extensión 132 p.
500 ## - NOTA GENERAL
Nota general Reimpresión 2017
505 ## - NOTA DE CONTENIDO CON FORMATO
Información miscelánea Presentación --<br/>1.Acercamiento a la dinámica de grupos --<br/>2.Aprendizaje de los fundamentos teóricos de la dinámica de grupos --<br/>3.Conocimiento de las técnicas de grupo --<br/>4.Evaluación del grupo -- <br/>Bibliográfia --<br/>Índice analítico
520 ## - SUMARIO, ETC.
Sumario, etc. Todo grupo es educador debido a la influencia que ejerce sobre los individuos que lo constituye. Los integrantes del grupo toman de éste no sólo los elementos vitales para su formación, sino también aquellos que estimulan y activan sus propias potencialidades. para la pedagogía moderna, la dinámica de grupos es una técnica básica en el aprendizaje y en la enseñanza.<br/>Escrito en un lenguaje sencillo este libro expone diversas técnicas de grupo concebidas como medios para llegar al conocimiento, respecto de las cuales se mencionan sus limitaciones y ventajas, y se sugieren actividades por realizar.<br/>Lograr la comunicación personal, favorecer el aprendizaje, fomentar las relaciones humanas, ayudar en el proceso educativo, son algunos de los objetivos que persigue la autora.
650 14 - PUNTO DE ACCESO ADICIONAL DE MATERIA--TÉRMINO DE MATERIA
Término de materia o nombre geográfico como elemento de entrada Dinámica de grupos.
9 (RLIN) 32629
942 ## - ELEMENTOS DE PUNTO DE ACCESO ADICIONAL (KOHA)
Tipo de ítem Koha Libro
Fuente del sistema de clasificación o colocación Dewey Decimal Classification
260 ## - PUBLICACIÓN, DISTRIBUCIÓN, ETC.
Lugar de publicación, distribución, etc. México, D. F. :
Nombre del editor, distribuidor, etc. Asociación Nacional de Universidades e Institutos de Enseñanza Superior,
Fecha de publicación, distribución, etc. 1975
590 ## - NOTA LOCAL (RLIN)
Nota local BATCH-UPD
Procedencia (VM) [OBSOLETO] 10
Condición del los carretes individuales (VM) [OBSOLETO] 20130110
590 ## - NOTA LOCAL (RLIN)
Nota local BATCH-UPD
Procedencia (VM) [OBSOLETO] 10
Condición del los carretes individuales (VM) [OBSOLETO] 20130110
590 ## - NOTA LOCAL (RLIN)
Nota local BATCH-UPD
Procedencia (VM) [OBSOLETO] 10
Condición del los carretes individuales (VM) [OBSOLETO] 20130409
590 ## - NOTA LOCAL (RLIN)
Nota local BATCH-UPD
Procedencia (VM) [OBSOLETO] 10
Condición del los carretes individuales (VM) [OBSOLETO] 20130410
590 ## - NOTA LOCAL (RLIN)
Nota local BATCH-UPD
Procedencia (VM) [OBSOLETO] 10
Condición del los carretes individuales (VM) [OBSOLETO] 20130914
590 ## - NOTA LOCAL (RLIN)
Nota local CONVERSION
Procedencia (VM) [OBSOLETO] 10
Condición del los carretes individuales (VM) [OBSOLETO] 20130109
901 ## - ELEMENTOS DE DATOS A LOCAL LDA (RLIN)
a BK
949 ## - PROCESAMIENTO DE INFORMACIÓN LOCAL (OCLC)
a Folleto 3752
b BC
c FOLL
d -59717
e TS1
i 25856
s i
Holdings
Estado de retiro Estado de pérdida Fuente del sistema de clasificación o colocación Estado dañado Restricciones de uso No para préstamo Código de colección Localización permanente Ubicación/localización actual Fecha de adquisición Fuente de adquisición Información codificada de la localización en otra ubicación Número de inventario Total de préstamos Signatura topográfica completa Código de barras Fecha visto por última vez Precio válido a partir de Tipo de ítem Koha Fecha del último préstamo Número de copia
    Dewey Decimal Classification   Préstamo interno   General Parasitologia Agricola Parasitologia Agricola 04/12/2024 Compra Libro Consumo   PA 371.395 A53 4102004071 04/12/2024 04/12/2024 Libro    
    Dewey Decimal Classification   Préstamo 3 días   General Parasitologia Agricola Parasitologia Agricola 06/12/2024   Libro Consumo 1 PA 371.395 A53 4102004072 13/11/2025 06/12/2024 Libro 11/11/2025 Ej.2
    Dewey Decimal Classification   Préstamo 3 días   General Parasitologia Agricola Parasitologia Agricola 06/12/2024 Compra Libro Consumo   PA 371.395 A53 4102004073 06/12/2024 06/12/2024 Libro   Ej.3